Medzinárodná konferencia k otázkam vzdelávania v slovenskom bankovníctve.

Úzka spolupráca so špičkovými zahraničnými odborníkmi v rámci pomoci vyspelých západných krajín. Potreba kvalifikovaného transferu know-how zo západu. Vznik NBS transformáciou bývalého ústredia ŠBČS pre SR. IBV usporiadal medzinárodnú konferenciu v dňoch 10.-12. mája v Dolnej Krupej. Potreba nepretr...

Ausführliche Beschreibung

Gespeichert in:
Bibliographische Detailangaben
1. Verfasser: Garay, D.
Format: Buchkapitel
Sprache:Slowakisch
Schlagworte:
Tags: Tag hinzufügen
Keine Tags, Fügen Sie das erste Tag hinzu!

MARC

LEADER 00000naa a2200000 4500
001 r013618
005 20221213122731.5
041 0 |a slo 
044 |a SK 
245 1 0 |a Medzinárodná konferencia k otázkam vzdelávania v slovenskom bankovníctve.  |c D. Garay 
520 |a Úzka spolupráca so špičkovými zahraničnými odborníkmi v rámci pomoci vyspelých západných krajín. Potreba kvalifikovaného transferu know-how zo západu. Vznik NBS transformáciou bývalého ústredia ŠBČS pre SR. IBV usporiadal medzinárodnú konferenciu v dňoch 10.-12. mája v Dolnej Krupej. Potreba nepretržitého vzdelávania a zvyšovania kvalifikácie pracovníkov bánk. Nevyhnutnosť vytvoriť vlastný vnútorný vzdelávací systém ako súčasť personálneho manažmentu. 
610 2 0 |a bankovníctvo 
610 2 0 |a vzdelávanie 
610 2 0 |a IBV 
610 2 0 |a pomoc medzinárodná 
610 2 0 |a konferencie 
610 2 0 |a Slovensko 
610 2 0 |a 1993 
100 1 |a Garay, D.